00593nam a22001697a 4500003000500000038001800005082000800023100002600031245008500057264003300142650002900175700004400204856005800248942001200306999001900318952008600337NUST aNusrat Nadeem a200 aAhmad, Sultan9132656 aExtremal Trees for Some Vertex-Degree-Based Topological Indices/cSultan Ahmad,  aIslamabad:bSNS NUST.c2025. aPhD-Mathematics 9123169 aSupervisor: Prof. Rashid Farooq9132657 u http://10.250.8.41:8080/xmlui/handle/123456789/56560 2ddccSC c615746d615746 00104070aCLbCLcTHEd2026-01-01l0o200pCLPT-788r2026-01-01w2026-01-01ySC